[Event "GER-ch 79th"]
[Site "Bad Woerishofen "]
[Date "2008.02.19"]
[Round "5"]
[White "Naumann, Alexander"]
[Black "Chevelevitch, Evgueni"]
[Result "1/2-1/2"]
[WhiteElo "2541"]
[BlackElo "2456"]
[EventDate "2008.02.15"]
[PlyCount "35"]

1. d4 Nf6 2. c4 g6 3. Nc3 Bg7 4. e4 d6 5. Nf3 O-O 6. Be2 e5 7. O-O Nc6 8. d5 Ne7 9. b4 Nh5 10. Re1 f5 11. Ng5 Nf6 12. f3 Kh8 13. Ne6 Bxe6 14. dxe6 Nc6 15. Nd5 Re8 16. exf5 gxf5 17. Bd3 e4 18. fxe4 1/2-1/2

[Event "GER-ch 79th"]
[Site "Bad Woerishofen "]
[Date "2008.02.19"]
[Round "5"]
[White "Pajeken, Wolfgang"]
[Black "Kachiani Gersinska, Ketino"]
[Result "1-0"]
[WhiteElo "2351"]
[BlackElo "2395"]
[EventDate "2008.02.15"]
[PlyCount "71"]

1. d4 d5 2. c4 e6 3. Nf3 Nf6 4. g3 dxc4 5. Bg2 a6 6. O-O Nc6 7. Nc3 Bb4 8. Qc2 Bd7 9. e4 Be7 10. Be3 b5 11. Rad1 O-O 12. Ne5 Nxe5 13. dxe5 Ng4 14. Bf4 b4 15. Nb1 g5 16. Qe2 Nxf2 17. Rxf2 gxf4 18. Qg4+ Kh8 19. Rfd2 Rg8 20. Qf3 fxg3 21. hxg3 Bc5+ 22. Kh2 Qg5 23. Rxd7 Qxe5 24. Nd2 Rxg3 25. Nxc4 Rxg2+ 26. Kxg2 Rg8+ 27. Kh1 Qg5 28. R7d2 f5 29. exf5 exf5 30. b3 h6 31. Rg2 Qh4+ 32. Rh2 Qf6 33. Rf1 f4 34. Rh3 Kh7 35. Qe4+ Kh8 36. Qe5 1-0

[Event "GER-ch 79th"]
[Site "Bad Woerishofen "]
[Date "2008.02.19"]
[Round "5"]
[White "Schunk, Thomas"]
[Black "Riegler, Dieter"]
[Result "1/2-1/2"]
[WhiteElo "2284"]
[BlackElo "2155"]
[EventDate "2008.02.15"]
[PlyCount "31"]

1. Nf3 Nf6 2. c4 g6 3. Nc3 Bg7 4. e4 d6 5. Be2 O-O 6. O-O e5 7. h3 Nh5 8. d4 Na6 9. Re1 Nf4 10. dxe5 dxe5 11. Be3 Ne6 12. a3 c6 13. b4 Nd4 14. Ra2 Nc7 15. Kh1 Nce6 16. Bf1 1/2-1/2

[Event "GER-ch 79th"]
[Site "Bad Woerishofen "]
[Date "2008.02.19"]
[Round "5"]
[White "Siebrecht, Sebastian"]
[Black "Rotstein, Arkadij"]
[Result "1-0"]
[WhiteElo "2487"]
[BlackElo "2548"]
[EventDate "2008.02.15"]
[PlyCount "79"]

1. d4 Nf6 2. Nf3 e6 3. e3 b6 4. Bd3 Bb7 5. O-O c5 6. c4 g6 7. d5 exd5 8. cxd5 Bxd5 9. e4 Bc6 10. e5 Nd5 11. Nbd2 Nc7 12. Nc4 Ne6 13. Re1 Bxf3 14. Qxf3 Nc6 15. Bh6 Ncd4 16. Qh3 b5 17. Nd6+ Bxd6 18. exd6 Qf6 19. f4 Nf5 20. Bxf5 gxf5 21. Re5 Rg8 22. Rae1 Rc8 23. Bg5 Qg6 24. Rxf5 c4 25. Rf6 Qd3 26. Rexe6+ fxe6 27. Rxe6+ Kf8 28. Bh6+ Rg7 29. Bxg7+ Kxg7 30. Qh6+ Kh8 31. Qf6+ Kg8 32. Qg5+ Kh8 33. Qe5+ Kg8 34. Re8+ Rxe8 35. Qxe8+ Kg7 36. Qxd7+ Kg6 37. Qe6+ Kg7 38. Qe5+ Kf7 39. h3 Qb1+ 40. Kh2 1-0

[Event "GER-ch 79th"]
[Site "Bad Woerishofen "]
[Date "2008.02.19"]
[Round "5"]
[White "Tabatt, Hendrik"]
[Black "Salov, Sergej"]
[Result "1-0"]
[WhiteElo "2310"]
[BlackElo "2282"]
[EventDate "2008.02.15"]
[PlyCount "109"]

1. d4 Nf6 2. c4 c5 3. d5 e5 4. Nc3 d6 5. e4 Be7 6. Be2 O-O 7. h4 Ne8 8. Bg4 Nd7 9. Nf3 Nef6 10. Bh3 b5 11. cxb5 a6 12. bxa6 Bxa6 13. g3 c4 14. O-O Nc5 15. Qc2 Nfd7 16. Be3 Nd3 17. Rfb1 N7c5 18. Qd2 Qc7 19. b4 cxb3 20. axb3 Rfb8 21. Rxa6 Rxa6 22. Bf1 Ra3 23. Bxd3 Nxd3 24. Qxd3 Rbxb3 25. Nb5 Rxd3 26. Nxc7 Rdb3 27. Rc1 Rc3 28. Rxc3 Rxc3 29. Nb5 Rc2 30. Nd2 Rb2 31. Na7 Kf8 32. Nc6 Ke8 33. Kf1 Kd7 34. Ke2 Bd8 35. Kd3 Bc7 36. Nc4 Rb1 37. Kc2 Ra1 38. Na7 Bd8 39. Nb5 Be7 40. Bd2 f6 41. Bc1 h5 42. Kb2 Ra6 43. Bd2 Bd8 44. Nbxd6 Bb6 45. f4 exf4 46. gxf4 Bf2 47. e5 fxe5 48. fxe5 Bxh4 49. e6+ Kd8 50. Nf7+ Ke7 51. Ng5 Kf6 52. Nf3 Bg3 53. Bg5+ Kg6 54. Bd8 Ra8 55. Nce5+ 1-0

[Event "GER-ch 79th"]
[Site "Bad Woerishofen "]
[Date "2008.02.19"]
[Round "5"]
[White "Wehner, Janis"]
[Black "Bastian, Herbert"]
[Result "1-0"]
[WhiteElo "2184"]
[BlackElo "2385"]
[EventDate "2008.02.15"]
[PlyCount "87"]

1. e4 c5 2. Nf3 a6 3. c4 d6 4. d4 cxd4 5. Nxd4 Nf6 6. Nc3 e6 7. Be2 Be7 8. Be3 O-O 9. O-O Qc7 10. Qd2 Nbd7 11. Rfc1 Ne5 12. f3 Bd7 13. b3 Rac8 14. Bf1 b6 15. Qf2 Qb7 16. Rc2 Rc7 17. a4 Rfc8 18. Rac1 Be8 19. Be2 Ned7 20. Qg3 Nc5 21. Rb1 g6 22. Ra2 Nh5 23. Qf2 Nf6 24. Qg3 Bf8 25. a5 bxa5 26. Rxa5 Qb4 27. Qe1 Qxa5 28. b4 Qb6 29. bxc5 Qxc5 30. Qd2 Qh5 31. g4 Nxg4 32. fxg4 Qe5 33. Nf3 Qf6 34. Bd4 Qe7 35. g5 Rb7 36. Ra1 Ra8 37. Qe3 Bc6 38. e5 Rb3 39. Nd2 Rb4 40. exd6 Qxd6 41. Nde4 Qd8 42. Nf6+ Kh8 43. Nfd5+ Kg8 44. Qe5 1-0

[Event "GER-ch 79th"]
[Site "Bad Woerishofen "]
[Date "2008.02.20"]
[Round "6"]
[White "Bastian, Herbert"]
[Black "Jorczik, Julian Marcel"]
[Result "0-1"]
[WhiteElo "2385"]
[BlackElo "2286"]
[EventDate "2008.02.15"]
[PlyCount "84"]

1. e4 e6 2. d4 d5 3. e5 c5 4. c3 Nc6 5. Nf3 Bd7 6. dxc5 Bxc5 7. Bd3 Nge7 8. Bf4 Ng6 9. Bg3 O-O 10. Nbd2 f5 11. exf6 Qxf6 12. O-O Nf4 13. Bc2 Kh8 14. Nb3 Bb6 15. Qd2 g5 16. Rad1 Rf7 17. Rfe1 g4 18. Bh4 Nh3+ 19. Kf1 Qg7 20. Nfd4 Nf4 21. Nf5 exf5 22. Qxf4 d4 23. cxd4 Nb4 24. Bb1 Bc7 25. Qg5 Bxh2 26. Qxg7+ Kxg7 27. g3 Bc6 28. a3 f4 29. gxf4 Nd5 30. f5 Nf4 31. f3 g3 32. Rd2 Bb5+ 33. Rde2 g2+ 34. Kf2 g1=Q+ 35. Rxg1+ Bxg1+ 36. Kxg1 Nxe2+ 37. Kf2 Raf8 38. a4 Bc4 39. Nd2 Ba6 40. b4 Nc3 41. Bc2 b5 42. axb5 Bxb5 0-1

[Event "GER-ch 79th"]
[Site "Bad Woerishofen "]
[Date "2008.02.20"]
[Round "6"]
[White "Braun, Arik"]
[Black "Huschenbeth, Niclas"]
[Result "1-0"]
[WhiteElo "2536"]
[BlackElo "2437"]
[EventDate "2008.02.15"]
[PlyCount "67"]

1. d4 Nf6 2. c4 g6 3. Nc3 Bg7 4. e4 d6 5. f3 O-O 6. Be3 c5 7. d5 e6 8. Nge2 exd5 9. cxd5 Nbd7 10. Ng3 a6 11. a4 h5 12. Be2 h4 13. Nf1 Nh7 14. f4 Re8 15. Qd3 Qa5 16. Nd2 b5 17. O-O c4 18. Qc2 b4 19. Nxc4 Qc7 20. Nb1 Nc5 21. Nxd6 Qxd6 22. Bxc5 Qc7 23. Bd3 b3 24. Qf2 Nf6 25. Bb6 Qb8 26. Nc3 Ng4 27. Qc5 Bf8 28. Qd4 Bg7 29. Qc5 Bf8 30. Qa5 Ra7 31. Kh1 Rb7 32. Bc5 Ne3 33. Bxe3 Bb4 34. Qxa6 1-0

[Event "GER-ch 79th"]
[Site "Bad Woerishofen "]
[Date "2008.02.20"]
[Round "6"]
[White "Buhmann, Rainer"]
[Black "Siebrecht, Sebastian"]
[Result "1-0"]
[WhiteElo "2570"]
[BlackElo "2487"]
[EventDate "2008.02.15"]
[PlyCount "63"]

1. Nf3 Nf6 2. c4 e6 3. g3 a6 4. Bg2 b5 5. b3 c5 6. Nc3 Qb6 7. e3 Bb7 8. Qe2 d5 9. cxb5 d4 10. Na4 Qxb5 11. d3 Be7 12. O-O Nc6 13. e4 Nb4 14. Ne5 O-O 15. Nc4 a5 16. Bg5 Rfd8 17. Rfc1 h6 18. Bxf6 Bxf6 19. a3 Nc6 20. e5 Be7 21. Nd6 Bxd6 22. exd6 Rxd6 23. Rxc5 Qxb3 24. Rc4 Nd8 25. Nc5 Qb6 26. Nxb7 Nxb7 27. Qc2 Ra7 28. Rc8+ Nd8 29. Rb1 Qa6 30. Rbb8 Rad7 31. Bc6 Rxc6 32. Rxc6 1-0

[Event "GER-ch 79th"]
[Site "Bad Woerishofen "]
[Date "2008.02.20"]
[Round "6"]
[White "Graf, Felix"]
[Black "Schunk, Thomas"]
[Result "1-0"]
[WhiteElo "2177"]
[BlackElo "2284"]
[EventDate "2008.02.15"]
[PlyCount "73"]

1. d4 f5 2. Nc3 Nf6 3. Bg5 d5 4. e3 e6 5. Bd3 h6 6. Bf4 g5 7. Be5 Bg7 8. h4 g4 9. Nb5 Na6 10. c4 O-O 11. cxd5 Qxd5 12. f3 Nh5 13. Nc3 Qd7 14. Bb5 Qf7 15. Bxg7 Qxg7 16. Nge2 Kh8 17. Qd2 Nb4 18. a3 Nd5 19. O-O-O a6 20. Bd3 b5 21. Nxd5 exd5 22. fxg4 fxg4 23. Nf4 Nxf4 24. exf4 Qxd4 25. f5 Qg7 26. Rhf1 Bd7 27. Qf4 Rf6 28. Rde1 Raf8 29. Re5 c6 30. Kb1 Be8 31. Rfe1 Bf7 32. Qd4 a5 33. Re7 Rc8 34. R1e6 Rg6 35. Qxg7+ Rxg7 36. Rxh6+ Kg8 37. f6 1-0

[Event "GER-ch 79th"]
[Site "Bad Woerishofen "]
[Date "2008.02.20"]
[Round "6"]
[White "Grimberg, Boris"]
[Black "Heinig, Wolfram"]
[Result "1-0"]
[WhiteElo "2261"]
[BlackElo "2338"]
[EventDate "2008.02.15"]
[PlyCount "67"]

1. e4 c6 2. d4 d5 3. e5 Bf5 4. Nc3 e6 5. g4 Bg6 6. Nge2 c5 7. h4 h5 8. Nf4 Bh7 9. Nxh5 cxd4 10. Nb5 Nc6 11. Nxd4 Nge7 12. c3 Nxd4 13. Qxd4 Nc6 14. Qa4 Bg6 15. Ng3 Rxh4 16. Rxh4 Qxh4 17. Bb5 Kd7 18. Be3 Be7 19. c4 Qxg4 20. cxd5 Bb4+ 21. Kf1 exd5 22. Rc1 Rc8 23. a3 Qh3+ 24. Kg1 Be7 25. Be2 d4 26. Rxc6 Rxc6 27. Qxd4+ Kc7 28. Bg4 Qh4 29. Qd7+ Kb8 30. Bf3 Bg5 31. Bxa7+ Kxa7 32. Bxc6 Kb6 33. Qxb7+ Kc5 34. Qb5+ 1-0

[Event "GER-ch 79th"]
[Site "Bad Woerishofen "]
[Date "2008.02.20"]
[Round "6"]
[White "Hausrath, Daniel"]
[Black "Gustafsson, Jan"]
[Result "1/2-1/2"]
[WhiteElo "2507"]
[BlackElo "2607"]
[EventDate "2008.02.15"]
[PlyCount "32"]

1. c4 Nf6 2. Nf3 e6 3. g3 d5 4. d4 dxc4 5. Qa4+ Nbd7 6. Bg2 a6 7. Qxc4 b5 8. Qc2 Bb7 9. Bg5 c5 10. dxc5 Bxc5 11. Nbd2 Rc8 12. Qd3 Qb6 13. O-O Ng4 14. e3 Nge5 15. Nxe5 Nxe5 16. Qc3 f6 1/2-1/2

[Event "GER-ch 79th"]
[Site "Bad Woerishofen "]
[Date "2008.02.20"]
[Round "6"]
[White "Henrichs, Thomas"]
[Black "Paehtz, Elisabeth"]
[Result "1/2-1/2"]
[WhiteElo "2481"]
[BlackElo "2420"]
[EventDate "2008.02.15"]
[PlyCount "45"]

1. d4 d5 2. c4 c6 3. Nf3 Nf6 4. Nc3 dxc4 5. a4 Bf5 6. e3 e6 7. Bxc4 Bb4 8. O-O Nbd7 9. Qe2 Bg6 10. e4 O-O 11. Bd3 h6 12. Bf4 Re8 13. Rfd1 Rc8 14. h3 Qa5 15. Nd2 Nh5 16. Bh2 Qg5 17. Nf3 Nf4 18. Bxf4 Qxf4 19. e5 Bh5 20. Be4 f5 21. g3 Bxf3 22. Bxf3 Qg5 23. a5 1/2-1/2

[Event "GER-ch 79th"]
[Site "Bad Woerishofen "]
[Date "2008.02.20"]
[Round "6"]
[White "Kachiani Gersinska, Ketino"]
[Black "Schlenker, Joerg"]
[Result "1-0"]
[WhiteElo "2395"]
[BlackElo "2297"]
[EventDate "2008.02.15"]
[PlyCount "49"]

1. c4 g6 2. d4 Bg7 3. e4 c5 4. d5 d6 5. Nc3 Bxc3+ 6. bxc3 Qa5 7. Qc2 Nf6 8. Bd3 e5 9. f4 b5 10. fxe5 bxc4 11. Bxc4 Nxe4 12. Ne2 f5 13. exf6 Nxf6 14. O-O Bf5 15. Bd3 Bxd3 16. Qxd3 O-O 17. Bh6 Rf7 18. Nf4 Ng4 19. Nxg6 Nxh6 20. Rxf7 Nxf7 21. Ne7+ Kf8 22. Qxh7 Ke8 23. Ng6 Qxc3 24. Qg8+ Kd7 25. Qxf7+ 1-0

[Event "GER-ch 79th"]
[Site "Bad Woerishofen "]
[Date "2008.02.20"]
[Round "6"]
[White "Kritz, Leonid"]
[Black "Baramidze, David"]
[Result "1-0"]
[WhiteElo "2592"]
[BlackElo "2582"]
[EventDate "2008.02.15"]
[PlyCount "95"]

1. e4 e5 2. Nf3 Nf6 3. d4 Nxe4 4. Bd3 Nc6 5. dxe5 Nc5 6. Be2 d6 7. Bg5 Qd7 8. exd6 Bxd6 9. Nc3 Ne6 10. Be3 Nf4 11. Bf1 O-O 12. g3 Ne6 13. Bg2 Ne7 14. O-O Nf5 15. Bd2 c6 16. Bh3 Ne7 17. Ng5 f5 18. Re1 Nxg5 19. Bxg5 Qc7 20. Qd4 f4 21. Bg2 fxg3 22. hxg3 Nf5 23. Qc4+ Kh8 24. Rad1 h6 25. Bc1 Bd7 26. Nb5 cxb5 27. Qxc7 Bxc7 28. Rxd7 Bb6 29. Bf4 Rae8 30. Rxe8 Rxe8 31. Bf3 Nd4 32. Bh5 Re6 33. Kg2 Nxc2 34. Bg4 Re8 35. Bh5 Re6 36. Bg4 Re8 37. Bf5 Re2 38. Bg6 Nb4 39. Be3 Nc6 40. Bxb6 axb6 41. Rxb7 Re6 42. Bd3 Rd6 43. Bxb5 Nb4 44. a3 Nc2 45. Rc7 Ne1+ 46. Kf1 Nd3 47. b4 Ne5 48. Ke2 1-0

[Event "GER-ch 79th"]
[Site "Bad Woerishofen "]
[Date "2008.02.20"]
[Round "6"]
[White "Markgraf, Alexander"]
[Black "Levin, Felix"]
[Result "1-0"]
[WhiteElo "2442"]
[BlackElo "2563"]
[EventDate "2008.02.15"]
[PlyCount "121"]

1. e4 c6 2. d4 d5 3. e5 Bf5 4. Nf3 e6 5. Be2 Nd7 6. O-O h6 7. c3 Ne7 8. Na3 Bh7 9. Nc2 Qc7 10. Ne3 Ng6 11. Bd3 Be7 12. g3 Ngf8 13. Ne1 Bxd3 14. Nxd3 c5 15. b3 cxd4 16. cxd4 Nb8 17. Bb2 Nc6 18. Qg4 g6 19. Rfd1 h5 20. Qf3 Nd7 21. Nf4 Nb6 22. Rac1 a5 23. a4 O-O-O 24. Qe2 Kb8 25. Qb5 g5 26. Ne2 Nc8 27. Qd3 Qb6 28. Nc2 N8a7 29. Ba3 Nb4 30. Nxb4 axb4 31. Bb2 g4 32. Rc2 h4 33. Bc1 Qa6 34. Qxa6 bxa6 35. Be3 Rc8 36. Rdc1 Rxc2 37. Rxc2 hxg3 38. fxg3 Rc8 39. Rxc8+ Kxc8 40. Kf2 Nc6 41. Bh6 f6 42. exf6 Bxf6 43. Ke3 Kd7 44. Kf4 Nxd4 45. Nxd4 Bxd4 46. Kxg4 e5 47. h4 e4 48. h5 Ke6 49. Bg5 Be5 50. h6 d4 51. h7 a5 52. Bf4 Bh8 53. Bc7 d3 54. Bf4 Bc3 55. Bd2 Be5 56. Be3 Bg7 57. Kf4 Kd5 58. Kf5 Bh8 59. g4 Bb2 60. g5 Bc3 61. g6 1-0

[Event "GER-ch 79th"]
[Site "Bad Woerishofen "]
[Date "2008.02.20"]
[Round "6"]
[White "Neerforth, Philipp"]
[Black "Namyslo, Holger"]
[Result "1-0"]
[WhiteElo "2258"]
[BlackElo "2327"]
[EventDate "2008.02.15"]
[PlyCount "133"]

1. Nf3 d5 2. d4 e6 3. c4 c6 4. Qc2 dxc4 5. Qxc4 Nf6 6. Bg5 Qb6 7. Nc3 Nbd7 8. e4 h6 9. Bd2 Qxb2 10. Rb1 Qa3 11. Be2 Qa5 12. O-O Be7 13. Qd3 Qd8 14. Bd1 b6 15. Bc2 a5 16. Rfe1 Nh7 17. d5 cxd5 18. exd5 Nc5 19. Qb5+ Bd7 20. Qxb6 Qxb6 21. Rxb6 O-O 22. Be3 Rfc8 23. Ne5 Nf6 24. d6 Bd8 25. Rb2 a4 26. Nxd7 Nfxd7 27. Ne4 Ra5 28. Nxc5 Nxc5 29. Reb1 Na6 30. Bd3 a3 31. Rb7 f5 32. d7 Ra8 33. Bc4 Kf7 34. Bb6 Nc5 35. Bxa5 Nxb7 36. Bb4 Na5 37. Bb5 Be7 38. Bc3 Ra7 39. Rd1 Rb7 40. Bxa5 Rxb5 41. d8=Q Bxd8 42. Bxd8 Rb2 43. Ra1 e5 44. Ba5 Ke6 45. Bc3 Rb5 46. Re1 g5 47. f3 h5 48. Kf2 f4 49. Re4 Rc5 50. Bb4 Rb5 51. Bxa3 Ra5 52. Bb2 Rxa2 53. Rxe5+ Kf6 54. Rb5+ Kg6 55. Ke2 h4 56. h3 Ra8 57. Rb6+ Kh7 58. Kd3 Re8 59. Bd4 Re1 60. Kc4 Re2 61. Rb2 Re8 62. Kd5 Kg6 63. Rb6+ Kh7 64. Be5 Ra8 65. Ke6 Rf8 66. Rb7+ Kg6 67. Rb8 1-0

[Event "GER-ch 79th"]
[Site "Bad Woerishofen "]
[Date "2008.02.20"]
[Round "6"]
[White "Riegler, Dieter"]
[Black "Tabatt, Hendrik"]
[Result "1/2-1/2"]
[WhiteElo "2155"]
[BlackElo "2310"]
[EventDate "2008.02.15"]
[PlyCount "67"]

1. d4 Nf6 2. c4 c5 3. d5 d6 4. Nc3 g6 5. e4 Bg7 6. Nf3 Bg4 7. h3 Bxf3 8. Qxf3 Na6 9. Bd3 O-O 10. O-O Nc7 11. Be3 Rb8 12. Qe2 e6 13. e5 Nfxd5 14. cxd5 exd5 15. exd6 Qxd6 16. Qf3 Rfe8 17. Nb5 Nxb5 18. Bxb5 Re7 19. Bf4 Be5 20. Bxe5 Rxe5 21. Rad1 Rd8 22. Qa3 a6 23. Bd3 b5 24. b3 Qb6 25. Rfe1 Rde8 26. Rxe5 Rxe5 27. Qc1 Qd6 28. Bf1 Re4 29. Bd3 Re7 30. Bf1 Kg7 31. Qg5 Re5 32. Qf4 Qe6 33. Qc1 Qd6 34. Qf4 1/2-1/2

[Event "GER-ch 79th"]
[Site "Bad Woerishofen "]
[Date "2008.02.20"]
[Round "6"]
[White "Rotstein, Arkadij"]
[Black "Lichmann, Peter"]
[Result "1/2-1/2"]
[WhiteElo "2548"]
[BlackElo "2334"]
[EventDate "2008.02.15"]
[PlyCount "116"]

1. d4 Nf6 2. Nf3 g6 3. g3 Bg7 4. Bg2 O-O 5. O-O d6 6. a4 a5 7. c3 Nbd7 8. Na3 c6 9. Nc4 d5 10. Nce5 Ne4 11. Bf4 f6 12. Nxd7 Bxd7 13. Qb3 Re8 14. Nd2 e5 15. Nxe4 exf4 16. Nd6 Rxe2 17. Rfe1 Qe7 18. Rxe2 Qxe2 19. Qxb7 Rd8 20. Qc7 Qe7 21. Bf1 fxg3 22. hxg3 Bf8 23. c4 Be6 24. Qxe7 Bxe7 25. Nb7 Ra8 26. c5 Ra7 27. Nd6 Bxd6 28. cxd6 Kf7 29. Rc1 Bd7 30. Re1 Bf5 31. f3 h5 32. Re3 g5 33. Be2 Bc2 34. Rc3 Bxa4 35. b3 Bxb3 36. Rxb3 Ke6 37. Rb6 a4 38. Rxc6 a3 39. Rc1 a2 40. Ra1 Kxd6 41. Kf2 Ra3 42. Bf1 Kc6 43. Be2 Kd6 44. Bb5 Rb3 45. Ba6 Ra3 46. Bc8 Ke7 47. Bf5 Kf7 48. Ke2 Ra5 49. Bd7 Ra3 50. Bh3 Ke7 51. Bg2 Kd6 52. Kd2 Kc6 53. Kc2 Kb5 54. Kb2 Re3 55. Rxa2 Re2+ 56. Kb3 Re3+ 57. Kc2 Re2+ 58. Kb3 Re3+ 1/2-1/2

[Event "GER-ch 79th"]
[Site "Bad Woerishofen "]
[Date "2008.02.20"]
[Round "6"]
[White "Sieber, Patrick"]
[Black "Reuss, Andreas"]
[Result "0-1"]
[WhiteElo "2236"]
[BlackElo "2326"]
[EventDate "2008.02.15"]
[PlyCount "94"]

1. e4 d5 2. exd5 c6 3. dxc6 Nxc6 4. Nf3 e5 5. Bb5 Bd6 6. d4 e4 7. d5 a6 8. dxc6 axb5 9. Nd4 bxc6 10. Nxc6 Qd7 11. Nd4 Ne7 12. O-O O-O 13. Nc3 Be5 14. Be3 f5 15. Ndxb5 Qc6 16. f4 Ba6 17. fxe5 Bxb5 18. Nxb5 Qxb5 19. b3 Rad8 20. Qe1 Qxe5 21. Bg5 f4 22. Bxe7 Qxe7 23. Qe2 Qa7+ 24. Kh1 e3 25. Rad1 Rxd1 26. Rxd1 h6 27. a4 Qc5 28. h3 Qc3 29. Rd3 Qa1+ 30. Rd1 Qe5 31. Kg1 f3 32. gxf3 Qg3+ 33. Kh1 Qxh3+ 34. Kg1 Qg3+ 35. Kh1 Rf4 36. Qg2 Qh4+ 37. Kg1 Rf6 38. Kf1 Kh7 39. Ke2 Rg6 40. Qf1 Qh2+ 41. Kxe3 Qe5+ 42. Kd2 Rd6+ 43. Qd3+ Rxd3+ 44. Kxd3 Qf5+ 45. Kd2 Qxf3 46. Ra1 Qd5+ 47. Kc1 h5 0-1

[Event "GER-ch 79th"]
[Site "Bad Woerishofen "]
[Date "2008.02.20"]
[Round "6"]
[White "Solonar, Stefan"]
[Black "Kesten, Sebastian"]
[Result "1-0"]
[WhiteElo "2371"]
[BlackElo "2048"]
[EventDate "2008.02.15"]
[PlyCount "105"]

1. c4 g6 2. e4 Bg7 3. d4 d6 4. Nf3 Nf6 5. Nc3 O-O 6. Be2 Bg4 7. Be3 Nfd7 8. O-O Nc6 9. Ne1 Bxe2 10. Nxe2 Na5 11. Rc1 c5 12. Nd3 cxd4 13. Nxd4 Rc8 14. b3 Nc6 15. Nxc6 Rxc6 16. Qd2 b6 17. f3 Re8 18. Nb4 Rc8 19. Rfd1 Qc7 20. Nd5 Qb7 21. Bg5 Bf8 22. Qf2 Nc5 23. Qh4 Ne6 24. Be3 Nc7 25. Nc3 a6 26. Na4 Na8 27. Nc3 Nc7 28. Qf2 b5 29. c5 dxc5 30. Bxc5 Ne6 31. Be3 Rc6 32. Nd5 Rec8 33. Qd2 Rxc1 34. Rxc1 Rxc1+ 35. Qxc1 Bg7 36. Qc8+ Qxc8 37. Nxe7+ Kf8 38. Nxc8 Bd4 39. Kf2 Ke8 40. Bxd4 Nxd4 41. Ke3 Nc6 42. Nb6 Ke7 43. Nd5+ Kd6 44. f4 h5 45. b4 Nd8 46. Nf6 Nc6 47. a3 Ke6 48. Nd5 Kd6 49. Nc3 Nd8 50. e5+ Ke6 51. Ke4 Nc6 52. Ne2 Nb8 53. Nd4+ 1-0

[Event "GER-ch 79th"]
[Site "Bad Woerishofen "]
[Date "2008.02.20"]
[Round "6"]
[White "Tischbierek, Raj"]
[Black "Wehner, Janis"]
[Result "1/2-1/2"]
[WhiteElo "2487"]
[BlackElo "2184"]
[EventDate "2008.02.15"]
[PlyCount "81"]

1. g3 c5 2. Bg2 Nc6 3. Nf3 Nf6 4. O-O d6 5. d4 cxd4 6. Nxd4 Nxd4 7. Qxd4 g6 8. c4 Bg7 9. Nc3 O-O 10. Qh4 a6 11. Bg5 Rb8 12. Rfd1 Qc7 13. Rac1 Be6 14. c5 dxc5 15. Bf4 Qc8 16. Bxb8 Qxb8 17. Qf4 b5 18. b3 Qb6 19. Nd5 Nxd5 20. Bxd5 Bd4 21. Bxe6 fxe6 22. Qe4 Bxf2+ 23. Kh1 Bd4 24. b4 Rf5 25. e3 Bf6 26. Rxc5 Rxc5 27. bxc5 Qxc5 28. Qxe6+ Kg7 29. Qe4 Qa3 30. Qe6 Qb2 31. Rf1 Qe2 32. Kg1 b4 33. Rf2 Qb5 34. Rd2 Qc5 35. Kg2 a5 36. Qb3 Bc3 37. Rd3 Qc6+ 38. Qd5 Qa4 39. Qb3 Qc6+ 40. Qd5 Qa4 41. Qb3 1/2-1/2

[Event "GER-ch 79th"]
[Site "Bad Woerishofen "]
[Date "2008.02.20"]
[Round "6"]
[White "Zude, Arno"]
[Black "Naumann, Alexander"]
[Result "1/2-1/2"]
[WhiteElo "2452"]
[BlackElo "2541"]
[EventDate "2008.02.15"]
[PlyCount "59"]

1. e4 e5 2. Nf3 Nc6 3. Bb5 Nf6 4. O-O Nxe4 5. d4 Nd6 6. Bxc6 dxc6 7. dxe5 Nf5 8. Qxd8+ Kxd8 9. Nc3 Ne7 10. b3 Ng6 11. Bb2 h6 12. h3 Bd7 13. Ne4 Kc8 14. Ng3 Nf4 15. Bc1 Ne6 16. Be3 Ba3 17. Rad1 a5 18. Nd4 h5 19. Nxe6 Bxe6 20. f4 g6 21. f5 gxf5 22. Nxf5 Rg8 23. h4 b6 24. Bg5 a4 25. Nh6 Rf8 26. Kh1 Bc5 27. Nf5 Rg8 28. Nh6 Rf8 29. Nf5 Rg8 30. Nh6 1/2-1/2

[Event "GER-ch 79th"]
[Site "Bad Woerishofen "]
[Date "2008.02.21"]
[Round "7"]
[White "Baramidze, David"]
[Black "Zude, Arno"]
[Result "1-0"]
[WhiteElo "2582"]
[BlackElo "2452"]
[EventDate "2008.02.15"]
[PlyCount "101"]

1. e4 e5 2. Nf3 Nc6 3. Bb5 Nf6 4. d3 d6 5. h3 g6 6. Bg5 Bg7 7. Qd2 O-O 8. c4 Nd4 9. Nxd4 exd4 10. O-O c6 11. Ba4 Re8 12. Na3 Bd7 13. b4 a5 14. b5 Qb6 15. Rab1 Qc5 16. Nc2 Be6 17. bxc6 bxc6 18. Rb7 Rab8 19. Rfb1 Nd7 20. Na1 f5 21. f3 fxe4 22. fxe4 Rf8 23. Rxb8 Rxb8 24. Rxb8+ Nxb8 25. Nb3 Qb4 26. Qxb4 axb4 27. Bd2 c5 28. Bf4 Bf8 29. Nxc5 dxc5 30. Bxb8 Kf7 31. Kf2 Ke7 32. Kf3 Kd8 33. Bc6 Kc8 34. Be5 Bd7 35. Bxd7+ Kxd7 36. Ke2 Be7 37. Kd1 Kc6 38. Kc2 Bg5 39. Kb3 Be7 40. Ka4 Bd8 41. Bb8 Be7 42. Ka5 h5 43. Ka6 Bg5 44. Be5 Bd8 45. Ka7 g5 46. Kb8 g4 47. hxg4 hxg4 48. Kc8 Be7 49. Bc7 Bg5 50. e5 Be7 51. Bd8 1-0

[Event "GER-ch 79th"]
[Site "Bad Woerishofen "]
[Date "2008.02.21"]
[Round "7"]
[White "Fridman, Daniel"]
[Black "Hausrath, Daniel"]
[Result "1-0"]
[WhiteElo "2628"]
[BlackElo "2507"]
[EventDate "2008.02.15"]
[PlyCount "141"]

1. d4 Nf6 2. c4 g6 3. Nc3 Bg7 4. e4 d6 5. f4 c5 6. d5 e6 7. dxe6 Bxe6 8. Nf3 Nc6 9. Bd3 Nd4 10. h3 b5 11. Nxd4 cxd4 12. Nxb5 a6 13. Nxd4 Nh5 14. Be3 Qh4+ 15. Bf2 Qxf4 16. Qd2 O-O 17. Rd1 Qe5 18. b3 Nf4 19. Be3 Nxd3+ 20. Qxd3 Qg3+ 21. Kf1 f5 22. e5 Qxe5 23. Nxe6 Qxe6 24. Kf2 f4 25. Bb6 Qf6 26. Rhe1 Rae8 27. Rxe8 Rxe8 28. Qxd6 Qh4+ 29. Kf1 f3 30. Qd5+ Kh8 31. Bf2 fxg2+ 32. Kxg2 Qf6 33. Rd3 h5 34. Rf3 Qb2 35. Qf7 Rg8 36. c5 Qxa2 37. Qc4 Qd2 38. c6 Qg5+ 39. Rg3 Qf5 40. Rf3 Qg5+ 41. Rg3 Qf5 42. Qd3 Rc8 43. Qxf5 gxf5 44. Rg6 Kh7 45. Rd6 Kg8 46. Bh4 Kf7 47. Rd7+ Kg6 48. c7 Be5 49. Bd8 h4 50. Kf3 Bh2 51. Ke3 Be5 52. Kd3 a5 53. Ke3 Kh5 54. Ke2 Kh6 55. Re7 Bf4 56. Kf3 Bh2 57. Ke3 Kg6 58. Rd7 Bg3 59. Kd4 f4 60. Ke4 f3 61. Kxf3 Kf5 62. Rg7 Be5 63. Rh7 Kg6 64. Re7 Kf5 65. Ke3 Ra8 66. Rh7 Bf4+ 67. Kd3 Bg3 68. Rh5+ Ke6 69. Rxa5 Rc8 70. Rc5 Bd6 71. Rc4 1-0

[Event "GER-ch 79th"]
[Site "Bad Woerishofen "]
[Date "2008.02.21"]
[Round "7"]
[White "Gustafsson, Jan"]
[Black "Buhmann, Rainer"]
[Result "1/2-1/2"]
[WhiteElo "2607"]
[BlackElo "2570"]
[EventDate "2008.02.15"]
[PlyCount "87"]

1. d4 d5 2. c4 c6 3. Nf3 Nf6 4. Nc3 e6 5. Bg5 h6 6. Bh4 dxc4 7. e4 b5 8. e5 g5 9. Nxg5 hxg5 10. Bxg5 Nbd7 11. exf6 Bb7 12. g3 Qc7 13. Bg2 c5 14. d5 b4 15. d6 Qb6 16. Ne4 Bd5 17. O-O Qc6 18. Qc2 Nb6 19. Rfd1 Rd8 20. Bf4 Rh5 21. g4 Rh4 22. Qe2 Bxd6 23. Nxd6+ Rxd6 24. Bg3 Rh8 25. Bxd5 Rxd5 26. Rxd5 Nxd5 27. Qxc4 Rg8 28. Rc1 Nxf6 29. Qxc5 Qxc5 30. Rxc5 Rxg4 31. Rc8+ Ke7 32. Rc7+ Kf8 33. Rxa7 Nd5 34. Kf1 Rc4 35. Bd6+ Kg7 36. a3 Kf6 37. axb4 Rc2 38. Bc5 e5 39. h4 Rxb2 40. Rb7 Nf4 41. Kg1 Nd3 42. Rb6+ Kf5 43. h5 e4 44. h6 1/2-1/2